[Event "OL-NORD WEST 1617 Hannover - SV Werder "]
[Site "?"]
[Date "2017.03.19"]
[Round "7.5"]
[White "Elmali, Timur"]
[Black "Ljubarskij, Juri"]
[Result "1-0"]
[WhiteElo "2143"]
[BlackElo "2197"]
[PlyCount "81"]
[EventDate "2017.??.??"]

1. d4 d5 2. c4 c6 3. Nc3 Nf6 4. e3 e6 5. Nf3 Bd6 6. Qc2 O-O 7. Bd2 Nbd7 8.
O-O-O Qe7 9. Kb1 dxc4 10. Bxc4 e5 11. Ng5 g6 12. h4 Nb6 13. dxe5 Bxe5 14. Bb3
Nbd5 15. Nxd5 cxd5 16. f3 h6 17. g4 hxg5 18. hxg5 Nxg4 19. fxg4 Bxg4 20. Bxd5
Kg7 21. Bc3 Bxd1 22. Qh2 Bh5 23. Bxe5+ Kg8 24. Qf4 Rad8 25. e4 Rd7 26. Bf6 Qc5
27. Rc1 Qb6 28. a3 Re8 29. Rh1 Qd6 30. Qf3 Re6 31. Bc3 Re5 32. Rxh5 gxh5 33.
Qxh5 Qe7 34. Qh3 Rd6 35. Qh2 Rdxd5 36. exd5 Re1+ 37. Ka2 f6 38. gxf6 Qe4 39.
Qg3+ Kf8 40. Qxe1 Qxd5+ 41. Ka1 1-0

[Event "OL-NORD WEST 1617 Hannover - SV Werder "]
[Site "?"]
[Date "2017.03.19"]
[Round "7.6"]
[White "Phunhon Lopez, Daniel Alejandr"]
[Black "Heinemann, Lars"]
[Result "1-0"]
[WhiteElo "1917"]
[BlackElo "2023"]
[PlyCount "50"]
[EventDate "2017.??.??"]

1. e4 g6 2. d4 Bg7 3. Nf3 d6 4. Nc3 a6 5. a4 b6 6. Bd3 Bb7 7. O-O Nd7 8. Be3 e6
9. Qd2 h6 10. Ne2 Ne7 11. c4 Kf8 12. Rac1 c5 13. b4 Kg8 14. d5 Kh7 15. dxe6
fxe6 16. Nf4 Nf8 17. h4 e5 18. Nd5 Ne6 19. bxc5 bxc5 20. Rb1 Bxd5 21. exd5 Nd4
22. Bxd4 exd4 23. a5 Rf8 24. Rb6 Ng8 25. Rxa6 Rxa6 1-0

[Event "OL-NORD WEST 1617 Hannover - SV Werder "]
[Site "?"]
[Date "2017.03.19"]
[Round "7.7"]
[White "Heldt, Nils-Lennart"]
[Black "Adibekian, Roubik"]
[Result "1/2-1/2"]
[WhiteElo "1896"]
[BlackElo "2218"]
[PlyCount "100"]
[EventDate "2017.??.??"]

1. e4 d5 2. exd5 Qxd5 3. Nc3 Qa5 4. d4 Nf6 5. Nf3 c6 6. Bd2 Bf5 7. Bc4 e6 8.
O-O Qc7 9. h3 Be7 10. Re1 O-O 11. Nh4 Bg6 12. Nxg6 hxg6 13. Qf3 Nbd7 14. Ne2
Nb6 15. Bd3 Rad8 16. c3 c5 17. Rad1 c4 18. Bc2 Nbd5 19. Nf4 Nxf4 20. Bxf4 Qd7
21. Be5 Qd5 22. Qe2 Rd7 23. a3 Rc8 24. b4 Qc6 25. Bxf6 Bxf6 26. Rb1 b5 27. a4
bxa4 28. Ra1 Re7 29. f4 Qc7 30. Qe3 a5 31. b5 Rd7 32. g4 Qb6 33. g5 Bd8 34. Be4
Qxb5 35. Reb1 Qa6 36. Rxa4 Bb6 37. Bxg6 Bxd4 38. cxd4 fxg6 39. Rxa5 Qd6 40. Rc5
Rf8 41. Rxc4 Qxf4 42. Qxf4 Rxf4 43. Rb6 Kf7 44. d5 e5 45. Rxf4+ exf4 46. Rb5
Ke7 47. Kg2 Kd6 48. Kf3 Ke5 49. d6+ Kxd6 50. Kxf4 Ke6 1/2-1/2

[Event "OL-NORD WEST 1617 Hannover - SV Werder "]
[Site "?"]
[Date "2017.03.19"]
[Round "7.8"]
[White "Kiselev, Alexander"]
[Black "Wachinger, Nikolas"]
[Result "0-1"]
[WhiteElo "2114"]
[BlackElo "1961"]
[PlyCount "58"]
[EventDate "2017.??.??"]

1. e4 e5 2. Nf3 Nc6 3. Bb5 a6 4. Ba4 Nf6 5. d4 exd4 6. O-O Be7 7. Re1 O-O 8. e5
Nd5 9. Bb3 Nb6 10. Nxd4 Nxd4 11. Qxd4 d6 12. exd6 Bxd6 13. Bf4 Qh4 14. g3 Qg4
15. h3 Qg6 16. Bxd6 Qxd6 17. Qxd6 cxd6 18. Nc3 Bxh3 19. Re7 Bd7 20. a4 Rad8 21.
a5 Nc8 22. Re3 Bc6 23. Nd5 Rfe8 24. Rae1 Rxe3 25. Rxe3 Re8 26. Rd3 Re1+ 27. Kh2
Kf8 28. g4 Ra1 29. Rh3 Na7 0-1

[Event "OL-NORD WEST 1617 Nordhorn Blanke - SF "]
[Site "?"]
[Date "2017.03.19"]
[Round "7.1"]
[White "Ackermann, Dennie"]
[Black "Kollen, Zyon"]
[Result "1-0"]
[WhiteElo "2118"]
[BlackElo "2325"]
[PlyCount "47"]
[EventDate "2017.??.??"]

1. c4 Nf6 2. Nc3 e6 3. e4 c5 4. e5 Ng8 5. Nf3 Nc6 6. d4 cxd4 7. Nxd4 Nxe5 8.
Ndb5 d6 9. c5 dxc5 10. Bf4 f6 11. Bxe5 fxe5 12. Qh5+ Ke7 13. Qxe5 Kf7 14. Rd1
Qf6 15. Qc7+ Ne7 16. Rd8 Kg6 17. Bd3+ Kh6 18. Ne4 Qh4 19. Nbd6 Qf4 20. g3 Qc1+
21. Ke2 Qxh1 22. Nf7+ Kh5 23. g4+ Kxg4 24. Qg3+ 1-0

[Event "OL-NORD WEST 1617 Nordhorn Blanke - SF "]
[Site "?"]
[Date "2017.03.19"]
[Round "7.2"]
[White "Kroeze, Frank M"]
[Black "Kaimer, Thomas"]
[Result "1-0"]
[WhiteElo "2396"]
[BlackElo "2185"]
[PlyCount "61"]
[EventDate "2017.??.??"]

1. e4 d6 2. d4 g6 3. Nf3 Bg7 4. Bd3 c5 5. d5 Nf6 6. c4 O-O 7. h3 b5 8. Nbd2
Nbd7 9. cxb5 a6 10. O-O axb5 11. Bxb5 Ba6 12. Bxa6 Rxa6 13. Re1 Qa8 14. a3 Rb8
15. Rb1 Ne8 16. Qc2 Nc7 17. Nc4 Nb6 18. Bg5 Nxc4 19. Qxc4 Rxb2 20. Bxe7 Qe8 21.
Rxb2 Bxb2 22. Rb1 Qxe7 23. Rxb2 Qf6 24. Qc1 Kg7 25. Rb7 Qd8 26. Qb2+ Kh6 27. g4
f6 28. Rxc7 Qxc7 29. Qxf6 Qc8 30. Nh4 c4 31. Nf5+ 1-0

[Event "OL-NORD WEST 1617 Nordhorn Blanke - SF "]
[Site "?"]
[Date "2017.03.19"]
[Round "7.4"]
[White "Oehne, Timo"]
[Black "Herrmann, Andreas"]
[Result "1/2-1/2"]
[WhiteElo "2140"]
[BlackElo "2168"]
[PlyCount "96"]
[EventDate "2017.??.??"]

1. e4 c5 2. Nf3 d6 3. d4 cxd4 4. Nxd4 Nf6 5. Bd3 Nc6 6. Nxc6 bxc6 7. O-O e6 8.
Nd2 Be7 9. b3 O-O 10. Bb2 a5 11. e5 dxe5 12. Bxe5 a4 13. Nc4 Ba6 14. Qf3 Qd5
15. Qf4 Nd7 16. Be4 Qc5 17. Bd4 Qh5 18. Bf3 Qg6 19. Qc7 Bxc4 20. bxc4 Bf6 21.
Qxd7 Rad8 22. Qxc6 Bxd4 23. Rac1 Bb2 24. Rb1 a3 25. Be4 Qf6 26. Bd3 g6 27. Qe4
Rd4 28. Qb7 Rfd8 29. Qb5 Rh4 30. Rbd1 Rh5 31. Qc6 Rd4 32. Be2 Rf5 33. Bd3 Rg5
34. Rde1 Rdg4 35. g3 Rd4 36. Re4 Rxe4 37. Qxe4 Kg7 38. Kg2 Qe7 39. f4 Rc5 40.
Qf3 Rc7 41. h4 Qb4 42. g4 Bd4 43. f5 exf5 44. gxf5 Qe7 45. fxg6 hxg6 46. Qg4
Bf6 47. h5 Rc5 48. hxg6 Rg5 1/2-1/2

[Event "OL-NORD WEST 1617 Nordhorn Blanke - SF "]
[Site "?"]
[Date "2017.03.19"]
[Round "7.5"]
[White "Edel, Thomas"]
[Black "Baisakow, Alexander"]
[Result "0-1"]
[WhiteElo "2133"]
[BlackElo "2164"]
[PlyCount "80"]
[EventDate "2017.??.??"]

1. d4 d5 2. Nf3 Nf6 3. c4 e6 4. g3 c6 5. Qc2 Bd6 6. Nc3 O-O 7. Bg2 Nbd7 8. Nd2
Bc7 9. O-O Re8 10. e4 dxe4 11. Ndxe4 e5 12. d5 cxd5 13. cxd5 Nxe4 14. Nxe4 h6
15. Rd1 f5 16. d6 Bb6 17. Nc3 Nf6 18. Na4 Bd4 19. Be3 Qxd6 20. Bxd4 exd4 21.
Qc4+ Kh8 22. Rxd4 Qe7 23. Qc5 Qe2 24. Bf1 Qh5 25. Rh4 Qf7 26. Bg2 Ng4 27. h3 g5
28. Qd4+ Qg7 29. Rxg4 fxg4 30. Qxg7+ Kxg7 31. hxg4 Bd7 32. Nc3 Bc6 33. Nd5 Bxd5
34. Bxd5 Re7 35. f3 Rd8 36. Be4 Rd2 37. Rb1 b6 38. a4 Kf6 39. b3 Rc7 40. Kf1
Rc3 0-1

[Event "OL-NORD WEST 1617 Nordhorn Blanke - SF "]
[Site "?"]
[Date "2017.03.19"]
[Round "7.6"]
[White "Bierenbroodspot, Paul"]
[Black "Gabriel, Uwe"]
[Result "1-0"]
[WhiteElo "2093"]
[BlackElo "2048"]
[PlyCount "79"]
[EventDate "2017.??.??"]

1. e4 e5 2. Nf3 Nf6 3. Nxe5 d6 4. Nf3 Nxe4 5. d3 Nf6 6. d4 d5 7. Bg5 Be7 8. Nc3
Bg4 9. Qd2 Nbd7 10. O-O-O Nf8 11. h3 Bxf3 12. gxf3 Ne6 13. Rg1 Qd7 14. h4 O-O-O
15. Bh3 h6 16. Bf4 Nh5 17. Bg3 Nxg3 18. fxg3 Bf6 19. Ne2 Qa4 20. Kb1 Rd6 21.
Nf4 Ra6 22. a3 Kb8 23. Nxe6 fxe6 24. Rge1 Re8 25. Qb4 Qd7 26. Re3 Rb6 27. Qa5
Qd6 28. Qe1 c5 29. c3 cxd4 30. cxd4 e5 31. Qc3 a6 32. Qd3 e4 33. Qe2 Qxg3 34.
fxe4 Rxe4 35. Rxe4 dxe4 36. Bg2 Qxa3 37. Bxe4 Qb4 38. Qf2 Rd6 39. Qf4 Ka7 40.
Qd2 1-0

[Event "OL-NORD WEST 1617 Nordhorn Blanke - SF "]
[Site "?"]
[Date "2017.03.19"]
[Round "7.7"]
[White "Witthaus, Joerg"]
[Black "Hoellmann, Ludger"]
[Result "1/2-1/2"]
[WhiteElo "2007"]
[BlackElo "2051"]
[PlyCount "92"]
[EventDate "2017.??.??"]

1. d4 Nf6 2. Nf3 g6 3. c4 Bg7 4. Nc3 d5 5. Bf4 O-O 6. e3 c5 7. Ne5 Be6 8. Be2
dxc4 9. O-O cxd4 10. Qxd4 Qxd4 11. exd4 Nd5 12. Nxd5 Bxd5 13. Rfc1 Nc6 14. Nxc6
Bxc6 15. Be3 Rfd8 16. Rxc4 Bb5 17. Rc2 Bxe2 18. Rxe2 e6 19. Rd2 Rac8 20. Rad1
Rd5 21. Kf1 Kf8 22. Ke2 Ke7 23. Rd3 a6 24. R1d2 Kd7 25. Kd1 b5 26. Rc2 Rc6 27.
Kd2 Rxc2+ 28. Kxc2 Kc6 29. Rc3+ Kb7 30. Rd3 Rd7 31. b3 Bf8 32. Bc1 Kc6 33. Rc3+
Kd5 34. Kd3 Bd6 35. h3 Rc7 36. Bb2 Rxc3+ 37. Bxc3 f5 38. f3 Be7 39. g4 Bh4 40.
Bd2 Bf2 41. Bc3 Bg1 42. a4 Bf2 43. axb5 axb5 44. Bb2 h5 45. Bc3 Bh4 46. Bd2 Bf6
1/2-1/2

[Event "OL-NORD WEST 1617 Nordhorn Blanke - SF "]
[Site "?"]
[Date "2017.03.19"]
[Round "7.8"]
[White "Stotyn, Fabian"]
[Black "Gans, Torsten"]
[Result "1-0"]
[WhiteElo "2188"]
[BlackElo "1999"]
[PlyCount "125"]
[EventDate "2017.??.??"]

1. e4 e5 2. Nf3 Nf6 3. Nc3 Nc6 4. d4 exd4 5. Nd5 Be7 6. Nxd4 Nxd5 7. exd5 Nxd4
8. Qxd4 O-O 9. Be3 Bf6 10. Qb4 a5 11. Qb3 a4 12. Qa3 Re8 13. O-O-O d6 14. Bd3
Bd7 15. h4 h5 16. Be2 g6 17. Qb4 a3 18. b3 Bb2+ 19. Kb1 Qf6 20. Bf3 Bf5 21. Bd4
Bxd4 22. Qxd4 Qxd4 23. Rxd4 Re7 24. Kc1 Rae8 25. Kd1 b5 26. Rb4 Bd7 27. Rd4 Kg7
28. Kd2 Bg4 29. Bxg4 hxg4 30. Rf1 Re2+ 31. Kd1 g3 32. Rd2 Rxf2 33. Rdxf2 gxf2
34. Rxf2 Re4 35. g3 Re3 36. Rg2 b4 37. Kd2 Re5 38. Kd3 Re1 39. Kc4 Ra1 40. c3
bxc3 41. Kxc3 Rd1 42. Kb4 Rxd5 43. Kxa3 f5 44. Kb4 Rd1 45. a4 Ra1 46. Rc2 c5+
47. Kb5 Kf6 48. Re2 Rb1 49. Re3 f4 50. gxf4 Kf5 51. Kc6 Kxf4 52. Rc3 Ke5 53. a5
Ra1 54. Kb6 Ra3 55. a6 c4 56. Rxc4 Rxb3+ 57. Ka5 Rb8 58. a7 Ra8 59. Kb6 d5 60.
Rg4 Rg8 61. h5 g5 62. Rxg5+ Rxg5 63. a8=Q 1-0

[Event "OL-NORD WEST 1617 SV Hellern - Delmenho"]
[Site "?"]
[Date "2017.03.19"]
[Round "7.1"]
[White "Kuegel, Tobias"]
[Black "Lingnau, Carsten"]
[Result "0-1"]
[WhiteElo "2275"]
[BlackElo "2411"]
[PlyCount "94"]
[EventDate "2017.??.??"]

1. e4 c6 2. d4 d5 3. exd5 cxd5 4. c4 Nf6 5. Nc3 Nc6 6. Nf3 g6 7. Bg5 Be6 8. Rc1
Bg7 9. Bxf6 Bxf6 10. Qb3 O-O 11. cxd5 Na5 12. Qb5 a6 13. Qc5 b6 14. Qb4 Bxd5
15. Nxd5 Qxd5 16. Be2 Qxa2 17. O-O Qb3 18. Qd2 Rfd8 19. Qe3 b5 20. Ra1 Qxe3 21.
fxe3 Nc6 22. Bd3 Nb4 23. Be4 Rac8 24. Rfc1 e6 25. Rc3 Kf8 26. Bb7 Rb8 27. Rc7
Re8 28. Be4 Rec8 29. Rac1 Rxc7 30. Rxc7 a5 31. b3 Bd8 32. Ra7 Bb6 33. Rd7 a4
34. bxa4 bxa4 35. Ne5 f5 36. Bb1 Rc8 37. Rxh7 Rc1+ 38. Kf2 Rxb1 39. Nd7+ Ke8
40. Nxb6 a3 41. Rh8+ Kf7 42. Nd7 a2 43. Ne5+ Kg7 44. Rc8 a1=Q 45. Rc7+ Kf8 46.
Nxg6+ Ke8 47. Rc8+ Kf7 0-1

[Event "OL-NORD WEST 1617 SV Hellern - Delmenho"]
[Site "?"]
[Date "2017.03.19"]
[Round "7.2"]
[White "Gronde, Ingo"]
[Black "Hoeffer, David"]
[Result "1-0"]
[WhiteElo "2215"]
[BlackElo "2298"]
[PlyCount "89"]
[EventDate "2017.??.??"]

1. e4 e5 2. Nf3 d6 3. d4 exd4 4. Nxd4 Nf6 5. Nc3 Be7 6. Be2 O-O 7. Bf4 Re8 8.
Qd2 c6 9. O-O-O b5 10. Bf3 Bg4 11. Bxg4 Nxg4 12. Nf5 b4 13. Nxe7+ Qxe7 14. Na4
Nd7 15. f3 Nge5 16. Qxd6 Nb6 17. Qxe7 Rxe7 18. Nc5 a5 19. Rd4 f6 20. Rhd1 Rae8
21. b3 Kf7 22. Rd6 Rc7 23. c3 bxc3 24. Kc2 g5 25. Bg3 a4 26. Kxc3 axb3 27. axb3
h5 28. h4 Rcc8 29. Ra1 g4 30. Ra7+ Kg6 31. f4 Nf7 32. f5+ Kg7 33. Rb7 Rb8 34.
Rxb8 Rxb8 35. Rxc6 Rc8 36. Ne6+ Kg8 37. Rxc8+ Nxc8 38. Kd4 Nfd6 39. Bxd6 Nxd6
40. Nf4 Kf7 41. Nxh5 Nb5+ 42. Kc4 Na3+ 43. Kc5 Nc2 44. b4 Ne1 45. Nf4 1-0

[Event "OL-NORD WEST 1617 SV Hellern - Delmenho"]
[Site "?"]
[Date "2017.03.19"]
[Round "7.3"]
[White "Korsus, Bernd"]
[Black "Ewert, Hannes"]
[Result "1/2-1/2"]
[WhiteElo "2333"]
[BlackElo "2188"]
[PlyCount "80"]
[EventDate "2017.??.??"]

1. d4 Nf6 2. Nf3 e6 3. g3 c5 4. Bg2 Nc6 5. O-O d5 6. b3 Be7 7. Bb2 O-O 8. Nc3
cxd4 9. Nxd4 e5 10. Nxc6 bxc6 11. Na4 Bd6 12. c4 Be6 13. Qc2 Qe7 14. Rfd1 Rac8
15. Rac1 Rfd8 16. cxd5 cxd5 17. Qd3 Qb7 18. h3 Rxc1 19. Rxc1 Rc8 20. Kh2 h6 21.
Qe3 Rxc1 22. Qxc1 Qc7 23. Qxc7 Bxc7 24. Nc5 Bf5 25. e3 Kf8 26. f4 exf4 27. gxf4
Ne4 28. Bd4 Bb6 29. b4 Bxc5 30. bxc5 Bc8 31. c6 a6 32. h4 g6 33. Bxe4 dxe4 34.
Bf6 Ke8 35. Kg3 Be6 36. a3 Bd5 37. c7 Kd7 38. f5 Kxc7 39. Kf4 Kd6 40. Bg7 g5+
1/2-1/2

[Event "OL-NORD WEST 1617 SV Hellern - Delmenho"]
[Site "?"]
[Date "2017.03.19"]
[Round "7.4"]
[White "Happe, Reinhold"]
[Black "Mossakowski, Florian"]
[Result "1/2-1/2"]
[WhiteElo "2118"]
[BlackElo "2309"]
[PlyCount "40"]
[EventDate "2017.??.??"]

1. c4 c5 2. Nc3 b6 3. e4 d6 4. g3 Bb7 5. Bg2 g6 6. Nge2 Bg7 7. d4 cxd4 8. Nxd4
Nf6 9. O-O Nfd7 10. Be3 O-O 11. Rc1 Nc6 12. b3 Rc8 13. Qd2 Re8 14. Ncb5 Nxd4
15. Bxd4 Bxd4 16. Qxd4 a6 17. Nc3 Rb8 18. Rfd1 Bc6 19. Bh3 Ne5 20. Qe3 Bd7 {(=)
} 1/2-1/2

[Event "OL-NORD WEST 1617 SV Hellern - Delmenho"]
[Site "?"]
[Date "2017.03.19"]
[Round "7.5"]
[White "Hedke, Fred"]
[Black "Stock, Joerg"]
[Result "0-1"]
[WhiteElo "2283"]
[BlackElo "2172"]
[PlyCount "74"]
[EventDate "2017.??.??"]

1. e4 c5 2. Nf3 e6 3. b3 Nc6 4. Bb2 d6 5. d4 cxd4 6. Nxd4 Nf6 7. Nxc6 bxc6 8.
e5 Nd5 9. exd6 Bxd6 10. Be2 Qh4 11. Bf3 O-O 12. g3 Qh3 13. Bg4 Qh6 14. O-O Rd8
15. c4 Nf4 16. Nc3 Bb7 17. Qf3 f5 18. gxf4 fxg4 19. Qxg4 Bxf4 20. h3 c5 21. Ne2
Rf8 22. Rad1 Bf3 23. Qxf3 Bh2+ 24. Kg2 Rxf3 25. Kxf3 Qxh3+ 26. Ke4 Rf8 27. f4
h6 28. Rd7 Rf7 29. Rxf7 Kxf7 30. Rf3 Qg2 31. Ke3 Bg1+ 32. Nxg1 Qxg1+ 33. Rf2 h5
34. Be5 h4 35. Ke2 h3 36. f5 Qg4+ 37. Ke3 exf5 0-1

[Event "OL-NORD WEST 1617 SV Hellern - Delmenho"]
[Site "?"]
[Date "2017.03.19"]
[Round "7.6"]
[White "Bade, Hans-Juergen"]
[Black "Steingraeber, Kai Uwe"]
[Result "1-0"]
[WhiteElo "1982"]
[BlackElo "2118"]
[PlyCount "116"]
[EventDate "2017.??.??"]

1. e4 c5 2. f4 d5 3. Nc3 dxe4 4. Nxe4 e6 5. Nf3 Nc6 6. b3 Nf6 7. Nf2 Nd5 8. Nd3
Qc7 9. g3 Bd7 10. Bb2 f6 11. c4 Ndb4 12. Nf2 Ne7 13. Bg2 O-O-O 14. O-O Nf5 15.
a3 Nc6 16. b4 h5 17. Ne4 cxb4 18. axb4 Bxb4 19. c5 h4 20. Qb3 hxg3 21. hxg3
Nxg3 22. Nxg3 Qxf4 23. Ne2 Qe4 24. Nfd4 Qe5 25. Rxa7 Qh2+ 26. Kf2 Qh4+ 27. Kg1
Qh2+ 28. Kf2 Qh4+ 29. Kg1 Nxa7 30. Qxb4 Bc6 31. Nxc6 Qh2+ 32. Kf2 Nxc6 33. Qc3
Qh4+ 34. Kg1 Qh2+ 35. Kf2 Qh4+ 36. Kg1 Ne5 37. Ra1 Ng4 38. Ra8+ Kd7 39. Rxd8+
Rxd8 40. Qg3 Qh5 41. Qd6+ Ke8 42. Qxe6+ Kf8 43. c6 bxc6 44. Ba3+ c5 45. d4 Rxd4
46. Nxd4 Qh2+ 47. Kf1 Qf4+ 48. Nf3 Nh2+ 49. Kf2 Ng4+ 50. Ke2 g5 51. Bxc5+ Kg7
52. Bd6 Qa4 53. Nd2 Qb5+ 54. Ke1 Ne5 55. Qe7+ Kg6 56. Be4+ Kh5 57. Qh7+ Kg4 58.
Qf5+ Kh4 1-0

[Event "OL-NORD WEST 1617 SV Hellern - Delmenho"]
[Site "?"]
[Date "2017.03.19"]
[Round "7.7"]
[White "Margraf, Daniel"]
[Black "zur Lage, Julian"]
[Result "0-1"]
[WhiteElo "2141"]
[BlackElo "2118"]
[PlyCount "62"]
[EventDate "2017.??.??"]

1. e4 e5 2. Nf3 Nc6 3. d4 exd4 4. Nxd4 Nf6 5. Nxc6 bxc6 6. e5 Qe7 7. Qe2 Nd5 8.
Nd2 g6 9. c4 Nf4 10. Qe3 Bh6 11. Qc3 Bg7 12. Nf3 Ne6 13. Be2 O-O 14. O-O f6 15.
exf6 Bxf6 16. Qc2 Bb7 17. Bh6 Rf7 18. Bd3 c5 19. Qe2 Bg7 20. Be4 Nd4 21. Nxd4
Bxd4 22. Bd3 Qh4 23. Bd2 Re7 24. Qd1 Rf8 25. Be3 Be5 26. f4 Bd6 27. Qd2 g5 28.
b4 gxf4 29. Bxc5 Bxc5+ 30. bxc5 f3 31. g3 Qd4+ 0-1

[Event "OL-NORD WEST 1617 SV Hellern - Delmenho"]
[Site "?"]
[Date "2017.03.19"]
[Round "7.8"]
[White "Ernst, Franz"]
[Black "Thimm, Torsten"]
[Result "0-1"]
[WhiteElo "1994"]
[BlackElo "2055"]
[PlyCount "100"]
[EventDate "2017.??.??"]

1. e4 d5 2. exd5 Qxd5 3. Nc3 Qd6 4. d4 Nf6 5. Nge2 c6 6. Bf4 Qd8 7. g3 Bf5 8.
Bg2 e6 9. O-O Nbd7 10. Re1 Be7 11. h3 O-O 12. g4 Bg6 13. Bg3 Nd5 14. Nxd5 cxd5
15. Nf4 Rc8 16. Nxg6 hxg6 17. c3 Nb6 18. Re2 Bd6 19. Bxd6 Qxd6 20. Qd3 Qc6 21.
Bf1 Nc4 22. Rc1 b5 23. Rec2 Qb6 24. Qg3 Nd6 25. Bd3 Rc6 26. Kg2 Rfc8 27. h4 Ne4
28. Bxe4 dxe4 29. Qe5 f5 30. d5 Qc5 31. c4 b4 32. b3 Rd6 33. Qf4 Re8 34. dxe6
Rexe6 35. Qe3 Qe5 36. f4 exf3+ 37. Qxf3 Rd4 38. Rf2 Rxg4+ 39. Kf1 Rxh4 40. c5
Re4 41. Qd3 Re1+ 42. Rxe1 Qxe1+ 43. Kg2 Re4 44. Kf3 Qh1+ 45. Rg2 Rg4 46. Qd5+
Kh7 47. Kf2 Rf4+ 48. Ke2 Re4+ 49. Kf3 Qh3+ 50. Kf2 Qf3+ 0-1

[Event "OL-NORD WEST 1617 Post VSV Uelzen - Del"]
[Site "?"]
[Date "2017.04.23"]
[Round "8.1"]
[White "Kuegel, Tobias"]
[Black "Laubsch, Bernd"]
[Result "0-1"]
[WhiteElo "2272"]
[BlackElo "2259"]
[PlyCount "64"]
[EventDate "2017.??.??"]

1. e4 e5 2. Nf3 Nc6 3. Bb5 a6 4. Bxc6 dxc6 5. O-O Bg4 6. h3 Bh5 7. g4 Bg6 8.
Nxe5 Qh4 9. Qf3 f6 10. Nxg6 hxg6 11. Kg2 O-O-O 12. d3 g5 13. Rh1 Kb8 14. Qg3
Qh7 15. f4 gxf4 16. Bxf4 g5 17. Be3 Bd6 18. Qf2 Ne7 19. Nc3 Ng6 20. Ne2 Qe7 21.
Bd4 Bf4 22. a4 Rh6 23. c3 Rdh8 24. b4 Qd7 25. Raf1 Rxh3 26. Rxh3 Qxg4+ 27. Rg3
Bxg3 28. Qxg3 Qxe2+ 29. Rf2 Qh5 30. Rf1 Nf4+ 31. Kf2 Qe2+ 32. Kg1 Nh3+ 0-1

[Event "OL-NORD WEST 1617 Post VSV Uelzen - Del"]
[Site "?"]
[Date "2017.04.23"]
[Round "8.2"]
[White "Wiegmann, Sascha"]
[Black "Hoeffer, David"]
[Result "1/2-1/2"]
[WhiteElo "2272"]
[BlackElo "2319"]
[PlyCount "63"]
[EventDate "2017.??.??"]

1. e4 e5 2. Nf3 d6 3. d4 exd4 4. Nxd4 Nf6 5. Nc3 Be7 6. Be2 O-O 7. O-O Re8 8.
f4 Bf8 9. Bf3 c5 10. Nb3 Nc6 11. Re1 c4 12. Nd4 d5 13. e5 Bc5 14. Be3 Ng4 15.
Bxg4 Bxd4 16. Bxd4 Bxg4 17. Qxg4 Nxd4 18. Rad1 Nxc2 19. Nxd5 Kh8 20. Re4 Nb4
21. Nxb4 Qb6+ 22. Rdd4 Qxb4 23. Qe2 b5 24. b3 Rad8 25. bxc4 Rxd4 26. Rxd4 g6
27. Kf2 Kg7 28. Kg3 Rc8 29. e6 Qc3+ 30. Rd3 Qxc4 31. e7 Re8 32. Qb2+ {(=)}
1/2-1/2

[Event "OL-NORD WEST 1617 Post VSV Uelzen - Del"]
[Site "?"]
[Date "2017.04.23"]
[Round "8.3"]
[White "Steingraeber, Kai Uwe"]
[Black "Gomolla, Peter"]
[Result "0-1"]
[WhiteElo "2124"]
[BlackElo "2195"]
[PlyCount "166"]
[EventDate "2017.??.??"]

1. d4 Nf6 2. c4 e5 3. dxe5 Ng4 4. Nf3 Bc5 5. e3 Nc6 6. a3 a5 7. Be2 Ngxe5 8.
O-O O-O 9. Nc3 d6 10. Nd5 Nxf3+ 11. Bxf3 Ne5 12. Be2 c6 13. Nf4 Qh4 14. b3 Bf5
15. Bb2 Ng4 16. Bxg4 Bxg4 17. Qd2 Qe7 18. h3 Bf5 19. Rfd1 Rfd8 20. Qc3 f6 21.
b4 Bb6 22. b5 a4 23. Qd2 Be4 24. Bd4 Ba5 25. Bc3 Bxc3 26. Qxc3 Kf7 27. Qd4 g5
28. Ne2 Qe5 29. Qb6 cxb5 30. Qc7+ Qe7 31. Qxe7+ Kxe7 32. Nc3 Bc2 33. Rd2 Bb3
34. Nd5+ Kf7 35. Nc7 Rac8 36. Nxb5 Ke7 37. Nd4 Bxc4 38. Rb1 b5 39. Nxb5 Rb8 40.
Nc3 Rxb1+ 41. Nxb1 Bb3 42. Rd4 Rc8 43. Nd2 Rc1+ 44. Kh2 Ra1 45. Rd3 Rxa3 46.
Kg3 h5 47. h4 Ke6 48. e4 gxh4+ 49. Kxh4 Ra2 50. Nxb3 axb3 51. Rxb3 Rxf2 52. Kg3
Rf1 53. Rb5 h4+ 54. Kxh4 Rf4+ 55. Kg3 Rxe4 56. Kf3 d5 57. g3 Ke5 58. Rb6 Ra4
59. Rb3 Ra6 60. Ke3 Ra4 61. Kf3 Rc4 62. Ra3 Rc6 63. Rb3 Ra6 64. Ke3 Re6 65. Ra3
Rc6 66. Kf3 Kd4 67. Kf4 Kc4 68. Ra1 d4 69. Ke4 Re6+ 70. Kf5 Rd6 71. Ke4 Re6+
72. Kf5 Rd6 73. Ke4 Kc3 74. Ra3+ Kc2 75. Ra2+ Kb3 76. Rd2 Kc3 77. Rd3+ Kc4 78.
Rd1 d3 79. Ke3 Re6+ 80. Kd2 Re2+ 81. Kc1 Kc3 82. Rf1 Rg2 83. Kb1 Rxg3 0-1

[Event "OL-NORD WEST 1617 Post VSV Uelzen - Del"]
[Site "?"]
[Date "2017.04.23"]
[Round "8.4"]
[White "Bogomolow, Sergej"]
[Black "Margraf, Daniel"]
[Result "0-1"]
[WhiteElo "2174"]
[BlackElo "2143"]
[PlyCount "126"]
[EventDate "2017.??.??"]

1. e4 e5 2. Nf3 d6 3. d4 exd4 4. Nxd4 Nf6 5. Nc3 Be7 6. Bc4 O-O 7. O-O Nc6 8.
h3 Re8 9. Re1 Bf8 10. Bg5 h6 11. Bh4 Ne5 12. Bb3 a6 13. a4 c6 14. Kh1 Bd7 15.
f4 Ng6 16. Bg3 c5 17. Nf3 b5 18. axb5 axb5 19. Rxa8 Qxa8 20. Bd5 Qc8 21. Bh2 b4
22. Nb1 Nxd5 23. Qxd5 Bc6 24. Qd3 Qb7 25. Nbd2 d5 26. e5 Be7 27. Bg3 c4 28. Qf1
Bc5 29. f5 Ne7 30. f6 Nf5 31. Bf2 Qb6 32. Bxc5 Ng3+ 33. Kg1 Qxc5+ 34. Qf2 Qxf2+
35. Kxf2 Ne4+ 36. Nxe4 dxe4 37. Nd4 Bb7 38. e6 fxe6 39. fxg7 Kxg7 40. Ke3 Bd5
41. Ra1 Kf6 42. Rf1+ Ke5 43. g4 Rg8 44. Ne2 h5 45. gxh5 Rg5 46. h4 Rxh5 47. Nf4
Rh6 48. c3 bxc3 49. bxc3 Bc6 50. Rg1 Kf6 51. Rg4 e5 52. Ne2 Kf5 53. Rg5+ Ke6
54. Rg4 Rf6 55. Ng1 Kf7 56. h5 Rh6 57. Rg5 Kf6 58. Nh3 Bd7 59. Kxe4 Bxh3 60.
Rxe5 Be6 61. Kd4 Rh8 62. Rc5 Rd8+ 63. Ke4 Rd3 0-1

[Event "OL-NORD WEST 1617 Post VSV Uelzen - Del"]
[Site "?"]
[Date "2017.04.23"]
[Round "8.5"]
[White "Thimm, Torsten"]
[Black "Mittelstaedt, Hendrik"]
[Result "1-0"]
[WhiteElo "2057"]
[BlackElo "2065"]
[PlyCount "55"]
[EventDate "2017.??.??"]

1. e4 e5 2. Nf3 f5 3. Nxe5 Qf6 4. d4 d6 5. Nc4 fxe4 6. Be2 Qf7 7. O-O Nf6 8. b3
Be7 9. f3 exf3 10. Bxf3 O-O 11. Nc3 Qg6 12. Qe2 Bd8 13. Nd5 Qe8 14. Nce3 c6 15.
Nxf6+ Bxf6 16. Bb2 Bg5 17. Rae1 Nd7 18. Qd3 Nf6 19. Nc4 Qd8 20. Ba3 Ne8 21. Be4
Rxf1+ 22. Rxf1 g6 23. Bxg6 Qe7 24. Bxe8 Qxe8 25. Bxd6 Qe6 26. Rf8+ Kg7 27. Qg3
Kg6 28. h4 1-0

[Event "OL-NORD WEST 1617 Post VSV Uelzen - Del"]
[Site "?"]
[Date "2017.04.23"]
[Round "8.6"]
[White "Schulze, Ingo"]
[Black "Grebener, Soeren"]
[Result "1-0"]
[WhiteElo "2024"]
[BlackElo "2034"]
[PlyCount "81"]
[EventDate "2017.??.??"]

1. d4 d5 2. c4 c6 3. Nc3 Nf6 4. Nf3 dxc4 5. a4 Bf5 6. e3 Nbd7 7. Bxc4 e6 8. O-O
Be7 9. Nh4 Bg4 10. f3 Bh5 11. g3 Nd5 12. Ng2 O-O 13. e4 N5b6 14. Be2 c5 15. d5
exd5 16. exd5 Bf6 17. Nf4 Bg6 18. a5 Nc8 19. Nxg6 hxg6 20. f4 Bd4+ 21. Kg2 Nf6
22. Bf3 Nd6 23. Qd3 Re8 24. g4 Qd7 25. h3 Re7 26. Bd2 Rae8 27. Rfe1 Bxc3 28.
Bxc3 Rxe1 29. Rxe1 Rxe1 30. Bxe1 Qa4 31. Bd2 c4 32. Qe2 Nb5 33. Be3 Qxa5 34.
Qxc4 Nd6 35. Qc5 Qxc5 36. Bxc5 Nc8 37. d6 b6 38. Ba3 a5 39. g5 Nd7 40. Bc6 Nb8
41. d7 1-0

[Event "OL-NORD WEST 1617 Post VSV Uelzen - Del"]
[Site "?"]
[Date "2017.04.23"]
[Round "8.7"]
[White "Silber, Kevin"]
[Black "von Estorff, Jacob"]
[Result "1/2-1/2"]
[WhiteElo "2002"]
[BlackElo "1906"]
[PlyCount "107"]
[EventDate "2017.??.??"]

1. e4 c5 2. Nf3 Nc6 3. d4 cxd4 4. Nxd4 Nf6 5. Nc3 g6 6. Be3 Bg7 7. Be2 O-O 8.
Qd2 d5 9. exd5 Nxd5 10. Nxd5 Nxd4 11. Bxd4 Qxd5 12. Bxg7 Qxd2+ 13. Kxd2 Kxg7
14. c3 Rd8+ 15. Ke3 Be6 16. Bf3 Bd5 17. Rhd1 Bxf3 18. Kxf3 f5 19. Ke3 Kf6 20.
f4 e5 21. fxe5+ Kxe5 22. Rd4 Rac8 23. Rad1 Rxd4 24. Rxd4 Rc7 25. g3 Re7 26. Kd3
Re6 27. Ra4 Rd6+ 28. Ke3 a6 29. Rc4 Rc6 30. Rh4 Rc7 31. Rd4 Re7 32. a4 g5 33.
Kd3 Re6 34. Rd7 Rd6+ 35. Rxd6 Kxd6 36. Kd4 a5 37. b3 b6 38. h3 Ke6 39. b4 Kd6
40. h4 gxh4 41. gxh4 f4 42. Ke4 f3 43. Kxf3 Kd5 44. bxa5 bxa5 45. Kg4 Kc4 46.
Kh5 Kb3 47. Kh6 Kxa4 48. Kxh7 Kb3 49. Kg8 a4 50. h5 a3 51. h6 a2 52. h7 a1=Q
53. h8=Q Qxc3 54. Qxc3+ 1/2-1/2